Question of minimum educational qualification for people's representatives (Record no. 85043)

000 -LEADER
fixed length control field 01242pab a2200181 454500
008 - FIXED-LENGTH DATA ELEMENTS--GENERAL INFORMATION
fixed length control field 180718b2009 xxu||||| |||| 00| 0 eng d
100 ## - MAIN ENTRY--PERSONAL NAME
Personal name Bhanja, Anjan Kumar
245 ## - TITLE STATEMENT
Title Question of minimum educational qualification for people's representatives
260 ## - PUBLICATION, DISTRIBUTION, ETC.
Date of publication, distribution, etc. 2009
300 ## - PHYSICAL DESCRIPTION
Extent p.873-84.
362 ## - DATES OF PUBLICATION AND/OR SEQUENTIAL DESIGNATION
Dates of publication and/or sequential designation Jul-Sep
520 ## - SUMMARY, ETC.
Summary, etc. Representation of the People's Act, 1951 has not stipulated Minimum Educational Qualification for People's Representatives. Against this background the paper tries to investigate the probable mindset behind not prescribing any basic minimum educational qualification and also tries to explore the possibilities of introducing the same to make the quality of contributions of people's representatives at various levels especially as MLAs. Recent illumining incidents of striping off of office of persons with proven doubtful character go to convince that education allied with the concomitant ethical burden on the conscience of the person is a much-needed must for people who aspire to participate in politics and play significant role in various ministries. - Reproduced.
650 ## - SUBJECT ADDED ENTRY--TOPICAL TERM
Topical term or geographic name entry element Legislations
650 ## - SUBJECT ADDED ENTRY--TOPICAL TERM
Topical term or geographic name entry element Parliament
773 ## - HOST ITEM ENTRY
Main entry heading Indian Journal of Political Science
908 ## - PUT COMMAND PARAMETER (RLIN)
Put command parameter N
909 ## -
-- 85043
Holdings
Withdrawn status Lost status Damaged status Not for loan Permanent Location Current Location Date acquired Serial Enumeration / chronology Barcode Date last seen Price effective from Koha item type
        Indian Institute of Public Administration Indian Institute of Public Administration 2018-07-19 Volume no: 70, Issue no: 3 AR85503 2018-07-19 2018-07-19 Articles

Powered by Koha